000 00622nam a2200241Ia 4500
003 OSt
005 20221005123046.0
006 a|||||r|||| 00| 0
007 ta
008 221004b |||||||| |||| 00| 0 eng d
024 _a40117
037 _cTextual
040 _aCRL
_cCRL
_beng
041 _2eng
_aeng
082 _aO:6J67:1, K6
100 _aChettle Henrie
_9633074
245 0 _aKind hartes dreame, 1592
260 _c1966
490 _aElizabethan and Jacobean quartos; 8
650 _aENGLISH LITERATURE
942 _hO:6J67:1, K6
_cTEXL
_2cc
999 _c1046252
_d1046252